000 00884nam a22002297a 4500
001 0074
003 DO-SdBNP
005 20170905101512.0
007 0074
008 151001b mx 2012 xxu||||| |||| 00| 0 spa d
020 _a9789972625114
040 _aBPMSU
_bspa
_cBPMSU
082 4 _aR 036
_bN964e
245 0 0 _aNueva enciclopedia autodidáctica
260 _aMéxico, D.F. :
_bLexus,
_c2012
300 _a8 v. :
_bil. ;
_c27 cm.
505 0 _gv. 1 .
_tLiteratura y filosofía.
_gv. 2 .
_tLingüística y arte.
_gv. 3 .
_tGeografía.
_gv. 4 :
_tHistoria.
_gv. 5 .
_tGeología, astronomia, zoología e informática.
_gv. 6 .
_tBiología, anatomía y botánica.
_gv. 7.
_tFísica, química y matemáticas.
_gv. 8 .
_tDibujo, música, economía y psicología.
650 4 _aENCICLOPEDIAS Y DICCIONARIOS ESPAÑOLES
942 _2ddc
_cBK
945 _aInventariado, 2017/MFF
956 _aBTAVÁREZ
999 _c8317
_d8317